Science

Bibliographic Details
Format: Book
Published: Selangor : Early Learner Publication Sdn.Bhd , 2004
Series:Get to know
Subjects:

MARC

LEADER 00000cam a2200000 7i4500
001 0000006923
005 20151222.0
008 070827
020 |a 983261144X 
090 0 0 |a SC   |b ENG 
245 1 0 |a Science   |c Kathy Stewart 
260 |a Selangor :   |b Early Learner Publication Sdn.Bhd ,   |c 2004 
440 |a Get to know 
500 |a Children ages 10-12 years old (pink) 
650 0 |a Earth   |x Juvenile literature 
999 |a 0000987012   |b Book   |c Children Collection   |e Perbadanan Perpustakaan Awam Johor 
999 |a 0000987013   |b Book   |c Children Collection   |e Perbadanan Perpustakaan Awam Johor 
999 |a 0000987015   |b Book   |c Children Collection   |e Cawangan Mersing 
999 |a 0000987726   |b Book   |c Children Collection   |e Cawangan Taman Sri Lambak 
999 |a 0000987727   |b Book   |c Children Collection   |e Cawangan Pontian 
999 |a 0000987728   |b Book   |c Children Collection   |e Cawangan Kota Tinggi 
999 |a 0001070495   |b Book   |c Children Collection   |e Cawangan Taman Sri Lambak